[Event "Ch Poland (juniors) (under 20)"]
[Site "masterchessopen.com - Sroda (Poland)"]
[Date "2008.02.03"]
[Round "11"]
[White "Bobula Mateusz (POL)"]
[Black "Moranda Wojciech (POL)"]
[Result "0-1"]
[WhiteElo "2395"]
[BlackElo "2536"]

{ Moranda Wojciech (POL) +0 =1 -0 } 1.d4 Nf6 2.c4 e6 3.g3 c5 4.d5 exd5 5.cxd5
d6 6.Nc3 g6 7.Bg2 Bg7 8.Nf3 O-O 9.O-O Re8 10.Nd2 a6 11.a4 Nbd7 12.Nc4 Ne5
13.Nxe5 Rxe5 { =/? } 14.h3 ( 14.Bf4 Re8 15.Qc2 Nh5 16.Bd2 Bd7 17.a5 Rc8
18.Rfe1 Bg4 19.h3 Bf5 20.e4 Bd7 21.g4 Nf6 22.Bf4 h5 23.g5 Nh7 24.h4 Qc7 25.Qd2
Nf8 26.Ra3 Bb5 27.Rb3 c4 28.Ra3 Nd7 29.Nxb5 axb5 30.Qb4 Nc5 31.Bf1 Qd7 32.Bh3
Qc7 33.Bxc8 Qxc8 { ...1/2-1/2, Goldin Alexander 2575 - Ivanov Igor V 2424 ,
Philadelphia 1992 It (open) } ) 14...Re8 { +0.00 CAP } ( 14...Rb8 15.Qd3 Re8
16.g4 h5 17.g5 Nd7 18.Qg3 Ne5 19.Ne4 Bf5 20.Nf6+ Bxf6 21.gxf6 Qxf6 22.Bg5 Qg7
23.Qh4 Nd7 24.Rae1 f6 25.Bd2 g5 26.Qxh5 Ne5 27.e4 Qh7 28.Qxh7+ Bxh7 29.Re2 Nd3
30.f4 gxf4 31.Bxf4 f5 32.Bxd6 Rbd8 33.e5 Rd7 34.Kh2 { ...1-0, Porat Shi 2421 -
Li Shilong 2526 , Hoogeveen 21.10.2004 It (open) } ) 15.Re1 { N } ( 15.Bf4 Rb8
16.a5 b5 17.axb6 Rxb6 18.Ra2 Qc7 19.Qc2 Nd7 20.Rc1 Qb8 21.g4 Ne5 22.e3 Re7
23.Bf1 h6 24.Be2 f5 25.g5 hxg5 26.Bxg5 Reb7 27.Na4 Rb4 28.f4 Nf7 29.Bxa6 Nxg5
30.fxg5 Ra7 31.Bxc8 Qxc8 32.Nb6 Qb7 33.Rxa7 Qxa7 34.Nc4 Qe7 { ...0-1, Agzamov
Georgy T 2370 - Mihalcisin Adrian 2525 , Moscow 1972 Olympiad URS } ) ( 15.Qd3
Rb8 16.Rb1 b5 17.axb5 axb5 18.b4 Nd7 19.Bf4 Ne5 20.Bxe5 c4 21.Qd2 Bxe5 22.Rbc1
Bd7 { 1/2-1/2, Sherbakov Ruslan 2555 - Kalin Viktor L 2330 , Perm 1998 Cup
Russia } ) ( 15.e4 Nd7 ( 15...Rb8 16.Qd3 Nd7 17.f4 b5 18.axb5 axb5 19.Be3 f5
20.Bf2 b4 21.Nd1 fxe4 22.Bxe4 Nf6 23.Bg2 Bf5 24.Qc4 Ne4 25.Be1 Bd4+ 26.Kh2 Bd7
27.Qc2 Bb5 28.Rh1 Nf6 29.Bf3 Rb7 30.Bf2 Bxf2 31.Nxf2 Re3 32.Kg2 Rbe7 33.Rhd1
Qe8 34.Rd2 b3 { ...0-1, Trikaliotis Georgios 2247 - Makropoulos Georgios 2455
, Athens 1980 Tournament } ) 16.f4 Rb8 17.a5 b5 18.axb6 Rxb6 19.Kh2 Rb4 20.Qc2
Nb6 21.Qf2 Nc4 22.e5 dxe5 23.Qxc5 Qb6 24.Qc6 Nd6 25.Re1 Qd8 26.Qc5 Rc4 27.Qa5
Qxa5 28.Rxa5 e4 29.Na4 Bd4 30.Be3 Bxe3 31.Rxe3 Rc2 32.Rc5 Rd2 33.Nc3 Rxb2
34.g4 Bb7 { ...0-1, Wojtkiewicz Aleksander 2595 - Fedorowicz John P 2540 , Los
Angeles 1998 It (open) } ) ( 15.Bd2 Rb8 16.Qb1 b5 17.axb5 axb5 18.e4 b4 19.Nd1
Bd7 20.Re1 Bb5 21.Kh2 Rb7 22.f3 Nd7 23.f4 h5 24.Ra2 h4 25.g4 g5 26.Ne3 gxf4
27.Nf5 Be5 28.Kh1 Nf8 29.Bf1 Bd7 30.Qc1 b3 31.Ra6 Bxf5 32.gxf5 Qf6 33.Bxf4
Bxb2 34.Qd1 Be5 { ...0-1, Solozhenkin Evgeniy 2501 - Akopian Vladimir 2692 ,
Rethymnon 2003 Cup European Club (final) } ) ( 15.Qc2 Rb8 16.a5 { 1/2-1/2,
Filipovic Bozidar - Kelecevic Neeyko, Banja-Vrucica 1987 } ) 15...Rb8 16.Rb1
b5 17.axb5 axb5 18.b4 cxb4 19.Rxb4 Qa5 20.Qb3 Nd7 21.Bd2 Nc5 22.Qb1 Bd7 23.Rc1
Na6 24.Rb3 b4 25.Ne4 Bf5 26.g4 Bxe4 27.Bxe4 Bc3 28.Bxc3 bxc3 29.Rcxc3 Qxc3
30.Rxc3 Rxb1+ 31.Bxb1 Rxe2 32.Rc8+ Kg7 33.Bd3 Re1+ 34.Kg2 Nb4 35.Bb5 Nxd5
36.Kf3 Rh1 37.Kg3 g5 38.Rc6 { ?! } ( 38.Bc6 { !? } 38...Rc1 39.Bb7 Rxc8
40.Bxc8 Kf6 41.h4 h6 42.hxg5+ hxg5 43.Bd7 Nc3 { } ) 38...Nf4 39.Kf3 d5 40.Ke3
Rxh3+ 41.f3 Rh2 42.Rd6 Rb2 43.Be8 { } {#R} 0-1

[Event "Ch Ibero-Americano (Gr. B)"]
[Site "masterchessopen.com - Linares (Spain)"]
[Date "2008.03.02"]
[Round "4"]
[White "Vescovi Giovanni (BRA)"]
[Black "Bruzon Lazaro (CUB)"]
[Result "1-0"]
[WhiteElo "2635"]
[BlackElo "2623"]

{ } 1.d4 Nf6 2.c4 e6 3.g3 c5 4.d5 exd5 5.cxd5 d6 6.Nc3 g6 7.Bg2 Bg7 8.Nf3 O-O
9.O-O a6 10.a4 Re8 11.Nd2 Nbd7 12.h3 Nh5 13.Nc4 ( 13.Nce4 Ndf6 14.Nxf6+ Nxf6
15.Nc4 Bf5 16.Bf4 Bf8 17.a5 Be4 18.Nb6 Bxg2 19.Kxg2 Rb8 20.Ra3 Re4 21.Ra4 Qe8
22.Rxe4 Qxe4+ 23.f3 Qb4 24.Qd2 Qb5 25.Rc1 Nh5 26.Be3 Re8 27.Nc4 h6 28.g4 Nf6
29.Bf2 b6 30.e4 bxa5 31.Qxa5 Nd7 32.Bg3 Qxa5 { ...1-0, Winants Luc 2490 -
Degraeve Jean-Marc 2542 , Cappelle la Grande 2002 It (open) } ) 13...Ne5
14.Na3 f5 { = } ( 14...Rb8 15.e4 Bd7 16.a5 Qxa5 17.g4 Nf6 18.g5 Nh5 19.f4 Nc4
20.Nxc4 Qxa1 21.Nxd6 Bxc3 22.bxc3 Qxc3 23.Nxe8 Rxe8 24.Rf3 Qd4+ 25.Qxd4 cxd4
26.Rd3 Rc8 27.Bd2 a5 28.Bf3 a4 29.Bg4 f5 30.gxf6 Nxf6 31.Bxd7 Nxd7 32.e5 Nb6
33.e6 Nxd5 34.Rxd4 { ...0-1, Avrukh Boris 2645 - Kamsky Gata 2724 , Khanty
Mansyisk 27.11.2007 Cup World } ) 15.Rb1 ( 15.Kh2 Bd7 16.f4 Nf7 17.Nc4 b5
18.axb5 axb5 19.Rxa8 Qxa8 20.Nb6 Qb7 21.Nxd7 Qxd7 22.e4 b4 23.Ne2 Nf6 24.exf5
gxf5 25.Qd3 Nh6 26.b3 Qf7 27.Bf3 Qg6 28.Rf2 Ne4 29.Rg2 Nf6 30.Kh1 Nhg4 31.Ng1
Nh6 32.Kh2 Nhg4+ 33.Kh1 Nh6 34.Kh2 Nhg4+ { ...1/2-1/2, Anastasian Ashot 2571 -
Evdokimov Alexander A 2562 , Moscow 20. 2.2007 It (open) "Aeroflot" } )
15...Rf8 { N } ( 15...Bd7 16.Bd2 g5 17.e4 g4 18.Nc2 fxe4 19.Bxe4 Rf8 20.Kh1
Qe8 21.Ne3 Nf6 22.Bc2 Nf3 23.h4 Qe5 24.Ng2 Nh5 25.Ne4 Qxd5 26.Bc3 Qxd1
27.Rfxd1 Bd4 28.Nxd6 Bc6 29.Nf5 Rxf5 30.Bxf5 Bxf2 31.Be6+ Kf8 32.Nf4 Nxf4
33.gxf4 Nd4+ 34.Kh2 g3+ 35.Kh3 { ...0-1, Delemarre Jop 2449 - Stellwagen
Daniel 2512 , Leeuwarden 2003 Ch Netherlands } ) 16.e3 Bd7 17.Bd2 Qe8 18.b4 c4
19.b5 g5 20.f4 Nd3 21.Kh2 Qg6 22.Nxc4 Nxg3 23.Kxg3 gxf4+ 24.Kh2 fxe3 25.Rg1 {
?! } ( 25.bxa6 { !? } 25...bxa6 26.Nxe3 Rac8 27.Rb3 Nc5 28.Rb4 Nd3 29.Rb3 Nc5
30.Rb4 Nd3 31.Rb3 Nc5 { } ) 25...Nf2 26.Qf3 { ?! } ( 26.Qe2 { !? } 26...f4
27.Bf1 Qh6 28.Qf3 Bf5 29.Rb3 { } ) 26...Ng4+ 27.hxg4 fxg4 { ? } ( 27...exd2
28.g5 Rfc8 29.Bf1 Bxc3 30.bxa6 Rxa6 31.Rxb7 Qe8 32.a5 Bxa5 { } ) 28.Qxe3 Qh5+
29.Kg3 Rae8 30.Ne4 Rf3+ 31.Bxf3 Qh3+ 32.Kf2 Bd4 33.Bg2 Bxe3+ 34.Bxe3 Qh4+
35.Ke2 axb5 36.Ncxd6 Rf8 37.axb5 Qh2 38.Rbf1 Rxf1 39.Kxf1 Qe5 40.Rh1 g3 41.Bf3
{ +5.50 CAP } {#r} 1-0

[Event "It (open)"]
[Site "masterchessopen.com - Reykjavik (Iceland)"]
[Date "2008.03.08"]
[Round "6"]
[White "Mikhalevski Victor (ISR)"]
[Black "Kristjansson Stefan (ISL)"]
[Result "1-0"]
[WhiteElo "2602"]
[BlackElo "2474"]

{ Mikhalevski Victor (ISR) +9 =2 -1 Kristjansson Stefan (ISL) +0 =1 -0 } 1.d4
Nf6 2.c4 e6 3.g3 c5 4.d5 exd5 5.cxd5 d6 6.Nc3 g6 7.Bg2 Bg7 8.Nf3 O-O 9.O-O Re8
10.Nd2 a6 11.a4 Nbd7 12.h3 Rb8 13.Nc4 Nb6 { ? } ( 13...Ne5 14.Na3 Nh5 15.e4
Bd7 16.a5 Qxa5 17.g4 Nf6 18.g5 Nh5 19.f4 Nc4 20.Nxc4 Qxa1 21.Nxd6 Bxc3 22.bxc3
Qxc3 23.Nxe8 Rxe8 24.Rf3 Qd4+ 25.Qxd4 cxd4 26.Rd3 Rc8 27.Bd2 a5 28.Bf3 a4
29.Bg4 f5 30.gxf6 Nxf6 31.Bxd7 Nxd7 32.e5 Nb6 33.e6 { ...0-1, Avrukh Boris
2645 - Kamsky Gata 2724 , Khanty Mansyisk 27.11.2007 Cup World } ) 14.Na3 Bd7
15.e4 ( 15.a5 Nc8 16.Nc4 Bb5 17.Qb3 Bxc4 18.Qxc4 Nd7 19.Qd3 Ne5 20.Qc2 Na7
21.Ne4 Nb5 22.e3 f5 23.Nd2 c4 24.Nxc4 Rc8 25.Ra4 Nxc4 26.Rxc4 Rxc4 27.Qxc4
Qxa5 28.h4 Qc7 29.Qxc7 Nxc7 30.Bd2 Nb5 31.Rb1 Kf7 32.Bf1 Rc8 33.Bxb5 axb5
34.Ra1 Bxb2 { ...1/2-1/2, Mikhalevski Victor 2532 - Morovic Fernandez Ivan
2608 , Saint Vincent 2000 Ch Europe } ) 15...Nc8 ( 15...Nxa4 16.Nxa4 Nxe4
17.Nc4 Bd4 18.Be3 Bxe3 19.Nxe3 Nxg3 20.fxg3 Rxe3 21.Nc3 f5 22.Qd2 Qe7 23.Rae1
Re8 24.Rxe3 Qxe3+ 25.Qxe3 Rxe3 26.Kf2 Rd3 27.Re1 Kf7 28.Re3 Rd2+ 29.Re2 Rd4
30.g4 b5 31.gxf5 gxf5 32.Rc2 a5 33.Ne2 Rb4 34.Bf3 a4 35.Nc1 { ...0-1, Atalik
Ekaterina 2404 - Marzolo Cyril 2478 , Sousse 3.12.2007 Ch Mediterranean } )
16.Qd3 { ?/= } 16...Qa5 ( 16...Qc7 17.Be3 Na7 18.Nc4 b5 19.axb5 Nxb5 20.Bd2
Bc8 21.Bf4 Bf8 22.e5 dxe5 23.Nxb5 axb5 24.d6 Bxd6 25.Qxd6 Qxd6 26.Nxd6 exf4
27.Nxe8 Nxe8 28.gxf4 Nf6 29.Ra7 Be6 30.Rfa1 Kf8 31.Ra8 Rxa8 32.Rxa8+ Ke7
33.Ra7+ Kd6 34.Ra6+ Ke7 35.Rc6 c4 36.Rb6 { ...1-0, Mikhalevski Victor 2536 -
Cvitan Ognjen 2576 , Biel 2002 It (open) } ) ( 16...Qe7 17.Re1 h6 18.Bd2 {
-0.29 CAP } ) 17.Nc4 Qc7 18.a5 { +0.15 CAP N } ( 18.Na3 Nb6 19.Qc2 Re7 20.Bg5
h6 21.Be3 Rbe8 22.Rad1 Nh7 23.b3 Nc8 24.Nab1 b5 25.axb5 axb5 26.Rc1 b4 27.Nd1
Ng5 28.f3 Nxh3+ 29.Kh2 Ng5 30.Qd2 Qa5 31.Rh1 Qa1 32.Nf2 Qb2 33.Qxb2 Bxb2
34.Rc2 Bg7 35.Ra2 f5 36.Nd2 Nf7 37.Bf1 Nb6 { ...0-1, Ghane Shojaat 2428 -
Moradiabadi Elshan 2389 , Teheran 2001 Ch Iran } ) 18...Bb5 19.Bd2 Nd7 20.f4
Bxc4 21.Qxc4 b5 22.axb6 Rxb6 23.Nd1 Qb7 24.Bc3 Rb5 25.Ra3 Nf6 26.Nf2 Nh5
27.Kh2 Bxc3 28.bxc3 Nb6 29.Qa2 Nd7 { ?! } ( 29...Kg7 { !? } 30.Bf3 Ra8 31.Bxh5
gxh5 32.Qe2 { } ) 30.Rxa6 Rb2 31.Qa4 { } {#r} 1-0

[Event "Ch SibFO "]
[Site "masterchessopen.com - Novokuznetsk (Russia)"]
[Date "2008.03.14"]
[Round "2"]
[White "Vladimirov Mikhail (RUS)"]
[Black "Shalygin Nikolay (RUS)"]
[Result "1-0"]
[WhiteElo "2159"]
[BlackElo "1921"]

1.d4 Nf6 2.c4 e6 3.g3 c5 4.d5 exd5 5.cxd5 d6 6.Nc3 g6 7.Bg2 Bg7 8.Nf3 O-O
9.O-O a6 10.a4 Re8 11.Nd2 Nbd7 12.a5 b5 13.axb6 Nxb6 14.e4 Qc7 15.Re1 Rb8
16.Bf1 Ra8 17.Nb3 c4 18.Na5 Bd7 19.Be3 Ng4 20.Bd4 Bxd4 21.Qxd4 Ne5 22.Be2 Bg4
23.Bxg4 Nxg4 24.f4 Rec8 25.Nc6 Re8 26.h3 Nh6 27.g4 f6 28.Qxf6 Nc8 29.Qd4 Qb6
30.Qxb6 Nxb6 31.Nb4 a5 32.Nc6 a4 33.Nb5 Nf7 34.Nc7 {#r} 1-0

[Event "It (cat.5)"]
[Site "masterchessopen.com - Los Llanos de Ariadne (Spain)"]
[Date "2008.03.17"]
[Round "4"]
[White "Perez Felipe Marcos Adrian (ESP)"]
[Black "Adly Ahmed (EGY)"]
[Result "0-1"]
[WhiteElo "2235"]
[BlackElo "2586"]

1.d4 Nf6 2.c4 e6 3.Nc3 c5 4.d5 exd5 5.cxd5 d6 6.Nf3 a6 7.a4 g6 8.g3 Bg7 9.Bg2
O-O 10.O-O Nbd7 11.Nd2 Re8 12.Nc4 Nb6 13.Na3 Nbd7 14.h3 Qe7 15.Nc4 Ne5 16.Nb6
Rb8 17.e4 Nfd7 18.Nxd7 Bxd7 19.f4 Nc4 20.Qd3 b5 21.axb5 axb5 22.Ra7 Qd8 23.f5
Ne5 24.Qd1 b4 25.Ne2 Bb5 26.b3 Qb6 27.f6 Qxa7 28.fxg7 c4+ 29.Nd4 cxb3 30.Rf4
Nd3 {#R} 0-1

[Event "It (open)"]
[Site "masterchessopen.com - Lyons (France)"]
[Round "8"]
[White "Curto Nicolas (FRA)"]
[Black "Goossens Etienne (BEL)"]
[Result "0-1"]
[WhiteElo "2102"]
[BlackElo "2247"]

1.d4 Nf6 2.c4 e6 3.g3 c5 4.d5 exd5 5.cxd5 d6 6.Nc3 g6 7.Bg2 Bg7 8.Nf3 O-O
9.O-O a6 10.a4 Re8 11.Nd2 Nbd7 12.Nc4 Ne5 13.Nxe5 Rxe5 14.Bf4 Re8 15.Qd2 Ng4
16.Ne4 Ne5 17.b4 c4 18.a5 Bf5 19.Bg5 f6 20.Be3 Bxe4 21.Bxe4 f5 22.Bb6 Qf6
23.Bg2 Nd7 24.Be3 Qxa1 25.Rxa1 Bxa1 26.Qc1 Rac8 27.Qxa1 c3 28.Bd4 c2 29.Qc1
Rxe2 30.Bf1 Rd2 31.Bb2 Ne5 32.Kg2 Rd1 33.Qe3 c1=Q 34.Bxc1 Rcxc1 35.Be2 Re1
36.Qg5 Nf7 37.Qd2 Rg1+ 38.Kf3 Rb1 39.Qe3 Ne5+ 40.Kf4 Rxb4+ 41.Kg5 Kg7 42.f4
Rg2 43.h3 Re4 44.Qc3 Rgxe2 {#R} 0-1

[Event "Ch Europe"]
[Site "masterchessopen.com - Plovdiv (Bulgaria)"]
[Date "2008.04.23"]
[Round "3"]
[White "Lubczynski Rafal (POL)"]
[Black "Novikov Stanislav (RUS)"]
[Result "1-0"]
[WhiteElo "2423"]
[BlackElo "2523"]

1.d4 Nf6 2.c4 g6 3.Nf3 Bg7 4.g3 O-O 5.Bg2 c5 6.d5 d6 7.O-O e6 8.Nc3 exd5
9.cxd5 a6 10.a4 Nbd7 11.Nd2 Re8 12.Nc4 Nb6 13.Na3 Ng4 14.a5 Nd7 15.h3 Ngf6
16.Nc4 Ne5 17.Nb6 Rb8 18.f4 Ned7 19.Nc4 Qc7 20.e4 b5 21.axb6 Nxb6 22.Na5 Bd7
23.Re1 Nh5 24.g4 Bd4+ 25.Kh2 Ng7 26.Ne2 Bf2 27.Rf1 Bh4 28.Nc3 f5 29.exf5 gxf5
30.g5 Bb5 31.Nxb5 axb5 32.Nc6 Ra8 33.Rxa8 Nxa8 34.b4 Nb6 35.Bb2 Re3 36.bxc5
Nc4 37.Qd4 Re2 38.cxd6 Nxd6 39.Ra1 Bf2 40.Ra8+ Nde8 41.Rxe8+ {#r} 1-0

[Event "Ch Europe (w)"]
[Site "masterchessopen.com - Plovdiv (Bulgaria)"]
[Date "2008.04.30"]
[Round "9"]
[White "Vasilevich Tatjana (UKR)"]
[Black "Peng Zhaoqin (NED)"]
[Result "0-1"]
[WhiteElo "2368"]
[BlackElo "2455"]

1.d4 Nf6 2.c4 e6 3.g3 c5 4.d5 exd5 5.cxd5 d6 6.Nc3 g6 7.Bg2 Bg7 8.Nf3 O-O
9.O-O Re8 10.Nd2 a6 11.a4 Nbd7 12.h3 Rb8 13.Nc4 Ne5 14.Na3 Nh5 15.e4 Bd7 16.a5
Qxa5 17.g4 Nf6 18.f4 Nexg4 19.hxg4 Nxg4 20.Bf3 h5 21.Nc2 Qd8 22.Kg2 b5 23.Ne3
b4 24.Na4 Qh4 25.Bxg4 hxg4 26.Rh1 Qf6 27.Nxg4 Bxg4 28.Qxg4 Rxe4 29.Qf3 Qf5
30.Be3 Rbe8 31.Rhe1 Bd4 32.Bd2 Rxe1 33.Rxe1 Rxe1 34.Bxe1 Qc2+ 35.Bf2 Bxf2
36.Qxf2 Qxa4 37.Qe3 Qb5 38.Qd2 Qc4 39.Kf3 a5 40.f5 Qd4 {#R} 0-1

[Event "Ch Hamburg (open)"]
[Site "masterchessopen.com - Hamburg (Germany)"]
[Date "2008.05.10"]
[Round "1"]
[White "Schmidt-Brauns Rainer (GER)"]
[Black "Pajeken Wolfgang (GER)"]
[Result "0-1"]
[WhiteElo "2036"]
[BlackElo "2317"]

1.d4 Nf6 2.c4 c5 3.d5 e6 4.Nc3 exd5 5.cxd5 d6 6.Nf3 g6 7.g3 Bg7 8.Bg2 O-O
9.O-O a6 10.a4 Nbd7 11.Nd2 Re8 12.Nc4 Nb6 13.Qb3 Nxc4 14.Qxc4 b5 15.Qd3 b4
16.Ne4 Nxe4 17.Bxe4 a5 18.Bf3 Ba6 19.Qc2 Rc8 20.Bf4 c4 21.Rac1 Qb6 22.Rfd1 b3
23.Qb1 Qb4 24.Bd2 c3 25.bxc3 Qxa4 26.e3 Bc4 27.Qb2 Qb5 28.Be1 f5 29.Ra1 Rc5
30.Qa3 Ra8 31.Qb2 Bxd5 32.Bxd5+ Rxd5 {#R} 0-1

[Event "It (cat.9) \"]
[Site "masterchessopen.com - Brno (Czech Republic)"]
[Date "2008.06.30"]
[Round "5"]
[White "Bernasek Jan (CZE)"]
[Black "Philippe Christophe (FRA)"]
[Result "0-1"]
[WhiteElo "2444"]
[BlackElo "2458"]

1.d4 Nf6 2.c4 c5 3.d5 e6 4.Nc3 exd5 5.cxd5 g6 6.g3 d6 7.Bg2 Bg7 8.Nf3 O-O
9.O-O Re8 10.Nd2 a6 11.a4 Nbd7 12.Nc4 Ne5 13.Na3 Nh5 14.h3 f5 15.f4 Nf7 16.Kh2
Nf6 17.Nc4 Bd7 18.a5 Qc7 19.Ra2 Re7 20.b3 Rae8 21.Bb2 Bb5 22.Qa1 Bxc4 23.bxc4
Re3 24.Rf3 Nh5 25.Rxe3 Rxe3 26.Bf3 Qe7 27.Qc1 Bd4 28.Ba1 Ng5 29.fxg5 Qe5
30.Kh1 Nxg3+ 31.Kg2 Nh5 32.Kf1 Qg3 33.Nd1 Rc3 {#R} 0-1

[Event "Ch Sweden (seniors)"]
[Site "masterchessopen.com - Vaxjo (Sweden)"]
[Date "2008.07.07"]
[Round "5"]
[White "Johansson Per (SWE)"]
[Black "Malmdin Nils-Ake (SWE)"]
[Result "0-1"]
[WhiteElo "2000"]
[BlackElo "2274"]

1.d4 Nf6 2.Nf3 e6 3.c4 c5 4.d5 exd5 5.cxd5 d6 6.Nc3 g6 7.g3 Bg7 8.Bg2 O-O
9.O-O Re8 10.Nd2 a6 11.a4 Nbd7 12.a5 b5 13.axb6 Nxb6 14.Nb3 Bd7 15.Na5 Qc7
16.h3 Bb5 17.Re1 Nfd7 18.f4 c4 19.e4 Nc5 20.Bf1 Bxc3 21.bxc3 Nxe4 22.Qf3 f5
23.Be3 Nxd5 24.Bd4 Nef6 25.Red1 Re4 26.Nb3 Rae8 27.Nd2 R4e6 28.g4 fxg4 29.hxg4
Re3 30.Bxe3 Rxe3 31.Qg2 Qc5 32.Kh2 Nxf4 33.Qg1 h5 34.gxh5 Qxh5+ {#R} 0-1

[Event "Ch Montenegro (youth)"]
[Site "masterchessopen.com - Cetinje (Montenegro)"]
[Date "2008.07.11"]
[Round "5"]
[White "Andreev Sasho (BUL)"]
[Black "Srbis Jurica (CRO)"]
[Result "0-1"]
[WhiteElo "2066"]
[BlackElo "2152"]

1.d4 Nf6 2.c4 e6 3.Nf3 c5 4.d5 exd5 5.cxd5 d6 6.Nc3 g6 7.g3 Bg7 8.Bg2 O-O
9.O-O Re8 10.Nd2 a6 11.a4 Nbd7 12.h3 Rb8 13.Nc4 Ne5 14.Na3 Nh5 15.Kh2 f5 16.e4
f4 17.gxf4 Qh4 18.Ne2 Nf3+ 19.Bxf3 Qxh3+ 20.Kg1 Qxf3 21.Ng3 Qxd1 22.Rxd1 Nxg3
23.fxg3 Rxe4 24.Nc2 Bd7 25.a5 Rbe8 26.Rb1 Bf5 {#R} 0-1

[Event "It (open)"]
[Site "masterchessopen.com - Balaguer (Spain)"]
[Date "2008.07.18"]
[Round "5"]
[White "Tsatsalashvili Keti (GEO)"]
[Black "Bhat Vinay S (USA)"]
[Result "0-1"]
[WhiteElo "2235"]
[BlackElo "2497"]

1.d4 Nf6 2.c4 e6 3.Nf3 c5 4.d5 exd5 5.cxd5 d6 6.Nc3 g6 7.Nd2 Nbd7 8.g3 Bg7
9.Bg2 O-O 10.O-O a6 11.a4 Re8 12.Nc4 Ne5 13.Na3 Nh5 14.e4 Bd7 15.f4 Ng4 16.Bf3
f5 17.Nc4 Qc7 18.a5 Bb5 19.Nxb5 axb5 20.Nb6 Rad8 21.exf5 gxf5 22.Bxg4 fxg4
23.Qxg4 Qf7 24.Qf3 Bd4+ 25.Kg2 Nf6 26.Bd2 c4 27.Rad1 Re4 28.Rfe1 Rde8 29.Rxe4
Rxe4 30.Bb4 Re3 31.Qf1 Qh5 32.Rd2 Ne4 33.Rc2 Bxb6 34.axb6 Qxd5 35.Kh3 Qf5+
36.Kh4 Nxg3 37.Qd1 Ne2 38.Qf1 Qf6+ 39.Kg4 Qg6+ 40.Kh4 Nd4 {#R} 0-1

[Event "It (open)"]
[Site "masterchessopen.com - Pardubice (Czech Republic)"]
[Date "2008.07.18"]
[Round "1"]
[White "Pertlova Sona (CZE)"]
[Black "Pinchuk Sergey T (UZB)"]
[Result "0-1"]
[WhiteElo "2239"]
[BlackElo "2423"]

1.d4 Nf6 2.c4 c5 3.d5 g6 4.Nc3 Bg7 5.Nf3 O-O 6.g3 d6 7.Bg2 e6 8.O-O exd5
9.cxd5 Re8 10.Nd2 Nbd7 11.a4 a6 12.Nc4 Nb6 13.Na3 Rb8 14.b3 Bd7 15.Re1 Nc8
16.Rb1 b5 17.axb5 axb5 18.b4 c4 19.Nc2 Nh5 20.Bb2 Qb6 21.e3 Bf5 22.e4 Bd7
23.Ne2 c3 24.Bc1 Qc7 25.Be3 Nb6 26.Bd4 Na4 27.Bxg7 Kxg7 28.Ncd4 Rbc8 29.Qc2
Qb6 30.Qb3 Rc4 31.Nc2 {#R} 0-1

[Event "It (open)"]
[Site "masterchessopen.com - Pardubice (Czech Republic)"]
[Date "2008.07.20"]
[Round "3"]
[White "Porat Maya (ISR)"]
[Black "Dobrowolski Piotr (POL)"]
[Result "0-1"]
[WhiteElo "2167"]
[BlackElo "2421"]

1.d4 Nf6 2.c4 e6 3.Nf3 c5 4.d5 exd5 5.cxd5 d6 6.Nc3 g6 7.g3 Bg7 8.Bg2 O-O
9.O-O a6 10.a4 Re8 11.Nd2 Nbd7 12.h3 Rb8 13.Nc4 Ne5 14.Na3 Nh5 15.e4 Bd7 16.g4
Nf6 17.g5 Nh5 18.f4 b5 19.fxe5 b4 20.Qf3 bxa3 21.Rxa3 Bxe5 22.Qxf7+ Kh8 23.Ne2
Bg7 24.Qf3 Rf8 25.Qd3 Rxf1+ 26.Kxf1 Qb6 27.a5 Qa7 28.Qc2 Bb5 29.Kg1 Bxe2
30.Qxe2 Bd4+ 31.Kh1 Qe7 32.Rf3 Qe5 33.Qe1 Kg8 34.b3 c4 35.b4 c3 36.Be3 Bxe3
37.Rxe3 Rc8 38.Qc1 Qxg5 39.Kg1 Nf4 {#R} 0-1

[Event "Ch Region"]
[Site "masterchessopen.com - Tula (Russia)"]
[Date "2008.08.07"]
[Round "7"]
[White "Kostryukov Oleg (RUS)"]
[Black "Manaenkov Vladimir (RUS)"]
[Result "0-1"]
[WhiteElo "1842"]
[BlackElo "2226"]

1.d4 Nf6 2.c4 c5 3.d5 e6 4.Nc3 exd5 5.cxd5 d6 6.Nf3 g6 7.g3 Bg7 8.Bg2 O-O
9.O-O a6 10.a4 Nbd7 11.Nd2 Re8 12.h3 Rb8 13.a5 Nh5 14.Nce4 Ne5 15.Kh2 f5
16.Nc3 b5 17.axb6 Rxb6 18.f4 Nf7 19.e4 fxe4 20.Ncxe4 Rb4 21.Ra4 a5 22.Rxb4
axb4 23.Qa4 Bd7 24.Qc2 Bb5 25.Nc4 Nf6 26.Nxf6+ Qxf6 27.b3 Qc3 28.Rf2 Bd4
29.Qxc3 Bxc3 30.Bb2 Bxc4 31.bxc4 Re3 32.g4 Bxb2 33.Rxb2 Rc3 34.Bf1 g5 35.fxg5
Nxg5 36.Be2 Nxh3 37.g5 Nxg5 38.Bg4 Kg7 39.Re2 Rxc4 {#R} 0-1

[Event "It (open) \"]
[Site "masterchessopen.com - Athens (Greece)"]
[Date "2008.08.10"]
[Round "2"]
[White "D'Costa Lorin (ENG)"]
[Black "Parligras Mircea (ROM)"]
[Result "0-1"]
[WhiteElo "2381"]
[BlackElo "2611"]

1.d4 Nf6 2.c4 e6 3.g3 c5 4.d5 exd5 5.cxd5 d6 6.Nc3 g6 7.Bg2 Bg7 8.Nf3 O-O
9.O-O a6 10.a4 Nbd7 11.Nd2 Re8 12.h3 Rb8 13.Nc4 Ne5 14.Na3 Nh5 15.e4 Bd7 16.a5
Qxa5 17.g4 Nf6 18.g5 Nh5 19.f4 Nc4 20.Nxc4 Qxa1 21.Nxd6 Bxc3 22.bxc3 Qxc3
23.Nxe8 Rxe8 24.Rf2 Ng3 25.e5 b5 26.Kh2 Nf5 27.Rf3 Qc4 28.Qd2 b4 29.Bb2 a5
30.Rf1 a4 31.Rc1 Qb5 32.Bf1 Qb6 33.Bc4 a3 34.Ba1 Bb5 35.Bb3 c4 36.Bxc4 Bxc4
37.Rxc4 b3 38.Rb4 Qa5 39.Bc3 b2 40.Bxb2 axb2 41.Rxb2 Qa3 42.Qf2 Rc8 43.d6 Rc3
44.d7 Rxh3+ 45.Kg2 Qa8+ {#R} 0-1

[Event "It (open) \"]
[Site "masterchessopen.com - Coulsdon (England)"]
[Date "2008.08.20"]
[Round "5"]
[White "Martyn Rafe (ENG)"]
[Black "Rudd Jack (ENG)"]
[Result "0-1"]
[WhiteElo "2293"]
[BlackElo "2344"]

1.d4 Nf6 2.c4 c5 3.d5 e6 4.Nc3 exd5 5.cxd5 d6 6.g3 g6 7.Bg2 Bg7 8.Nf3 O-O
9.O-O Re8 10.Nd2 a6 11.a4 Nbd7 12.Nc4 Ne5 13.Nxe5 Rxe5 14.e4 Rb8 15.Rb1 a5
16.f4 Re8 17.h3 Nh5 18.g4 Ng3 19.Re1 Qh4 20.Kh2 h5 21.Re3 Bxc3 22.bxc3 Nxe4
23.Rxe4 Bxg4 24.Qf1 Rxe4 25.Bxe4 Re8 26.Bf3 Bxf3 27.Qxf3 Qe1 28.h4 Re2+ 29.Kh3
Rf2 {#R} 0-1

[Event "Ch Spain (team) (Honor gr.1)"]
[Site "masterchessopen.com - Cala Mayor (Spain)"]
[Date "2008.09.03"]
[Round "1"]
[White "Kuzubov Yuriy (UKR)"]
[Black "Spraggett Kevin (CAN)"]
[Result "1-0"]
[WhiteElo "2622"]
[BlackElo "2597"]

1.d4 Nf6 2.c4 e6 3.Nf3 c5 4.d5 exd5 5.cxd5 d6 6.Nc3 g6 7.g3 Bg7 8.Bg2 O-O
9.O-O a6 10.a4 Nbd7 11.Nd2 Re8 12.h3 Rb8 13.Nc4 Ne5 14.Nxe5 Rxe5 15.e4 b5
16.axb5 axb5 17.f4 Re8 18.e5 dxe5 19.fxe5 Rxe5 20.Bf4 Nh5 21.Bxe5 Bxe5 22.Qf3
f5 23.g4 Nf6 24.gxf5 Bxf5 25.Ra6 Qd7 26.d6 c4 27.Nd5 Re8 28.Nxf6+ Bxf6 29.Qd5+
Kh8 30.Rc6 Bxb2 31.Rc7 Qe6 32.d7 Qe3+ 33.Kh1 Rd8 34.Rc8 Bf6 35.Qf7 Qe7
36.Rxd8+ Qxd8 37.Re1 Bxd7 38.Rd1 {#r} 1-0

[Event "Ch European Union"]
[Site "masterchessopen.com - Liverpool (England)"]
[Date "2008.09.10"]
[Round "2"]
[White "Blackburn Joathan Lb (WLS)"]
[Black "Ringoir Guy (BEL)"]
[Result "1-0"]
[WhiteElo "2175"]
[BlackElo "1946"]

1.d4 Nf6 2.Nf3 g6 3.g3 Bg7 4.Bg2 O-O 5.O-O d6 6.c4 c5 7.d5 e6 8.Nc3 exd5
9.cxd5 Re8 10.Nd2 Nbd7 11.a4 a6 12.a5 Rb8 13.Nc4 Ne5 14.Nxe5 Rxe5 15.Bf4 Re8
16.Na4 Nh5 17.Bd2 Bd7 18.Bc3 Bxa4 19.Rxa4 f5 20.Bxg7 Kxg7 21.Qd2 Nf6 22.Rh4 b5
23.e4 fxe4 24.Qh6+ Kg8 25.Bh3 Rb7 26.Be6+ Rxe6 27.dxe6 Qe7 28.f3 Qxe6 29.fxe4
Rg7 30.Rhf4 Nd7 31.Qg5 Qe7 32.Qd5+ Kh8 33.Rf7 Rxf7 34.Rxf7 Qe8 35.e5 Nxe5
36.Ra7 Nc6 37.Rxa6 Qe1+ 38.Kg2 Qe2+ 39.Kh3 Qf1+ 40.Kh4 Ne5 41.Ra8+ Kg7 42.Qg8+
Kh6 43.Qf8+ Qxf8 44.Rxf8 {#r} 1-0

[Event "It (open)"]
[Site "masterchessopen.com - Liberec (Czech Republic)"]
[Date "2008.11.20"]
[Round "7"]
[White "Sisak Richard (CZE)"]
[Black "Kaderabek Jiri (CZE)"]
[Result "0-1"]
[WhiteElo "2051"]
[BlackElo "2201"]

1.d4 Nf6 2.c4 e6 3.g3 c5 4.d5 exd5 5.cxd5 d6 6.Nc3 g6 7.Bg2 Bg7 8.Nf3 O-O
9.O-O a6 10.a4 Re8 11.Nd2 Nbd7 12.Nc4 Ne5 13.Nxe5 Rxe5 14.Bf4 Re8 15.e4 Rb8
16.a5 b5 17.axb6 Rxb6 18.Qc2 Ng4 19.Na4 Rb8 20.Ra2 f5 21.h4 Bd4 22.Nc3 Rb4
23.Nd1 Rf8 24.Be3 Qf6 25.Bg5 Qg7 26.Ra4 Rxa4 27.Qxa4 fxe4 28.Bxe4 Qe5 29.Bf4
Qxe4 30.Nc3 Qf3 {#R} 0-1